000 00642nam a2200229Ia 4500
003 OSt
005 20221007074815.0
006 a|||||r|||| 00| 0
007 ta
008 221006b |||||||| |||| 00| 0 eng d
024 _a18,163
037 _cTextual
040 _aFLL
_cFLL
_beng
041 _2eng
_aeng
082 _aY7.273.N7, L7
100 _aSomers George E. Au.
_9693202
245 0 _aDynamics of santal traditions in a peasant society
260 _aNew Delhi
_bAbhinav Pub. India
_c1977
300 _axi,253p
_ccm.
942 _hY7.273.N7, L7
_cTEXL
_2CC
999 _c1153750
_d1153750